000 01015nam a22001937a 4500
003 OSt
005 20251117155223.0
008 251117b |||||||| |||| 00| 0 eng d
040 _cDCL
082 _a၂၉၄.၃၈၂၃၁၂
130 _aတိပိဋက။
_pသုတ္တန္တပိဋက။
_tမဟာဝဂ္ဂ၊
_lအဋ္ဌကထာ၊
_sနိဿယ။
245 _aမဟာဝါအဋ္ဌကထာနိဿယသစ် ၊
_bဒုတိယတွဲ /
_cအသျှင်နန္ဒဝံသ မဟာထေရ်။
264 _aရန်ကုန် ၊
_bဟံသာဝတီပုံနှိပ်တိုက်၊
_c၁၉၆၅။
300 _a၅၀၆ စာမျက်နှာ ၊
_c၂၆ စင်တီ။
650 _aမဟာဝါ
_vပါဠိတော်။
650 _aမဟာဝဂ္ဂ
_vပါဠိတော်။
700 0 _aနန္ဒဝံသ မဟာထေရ်၊ အသျှင်
942 _2ddc
_cSHORT TERM
_n0
999 _c2512
_d2512